Predikcia vývoja finančnej situácie podniku

Budúce finančné zdravie podniku závisí od súčasných finančných výsledkov. Bankrotové modely a ukazovatele prosperujúcich a neprosperujúcich podnikov sú schopné pomocou štatistických metód zaradiť skúmané podniky do jednej z dvoch skupín.

Salvato in:
Dettagli Bibliografici
Autore principale: Nagy, Ladislav
Natura: Capitolo di libro
Lingua:slovacco
Soggetti:
Tags: Aggiungi Tag
Nessun Tag, puoi essere il primo ad aggiungerne!!

MARC

LEADER 00000nla a2200000 4500
001 0181007
005 20240502073110.7
041 0 |a slo 
044 |a SK 
245 1 0 |a Predikcia vývoja finančnej situácie podniku  |c Ladislav Nagy 
520 |a Budúce finančné zdravie podniku závisí od súčasných finančných výsledkov. Bankrotové modely a ukazovatele prosperujúcich a neprosperujúcich podnikov sú schopné pomocou štatistických metód zaradiť skúmané podniky do jednej z dvoch skupín. 
610 2 0 |a situácia finančná podniku 
610 2 0 |a disciplína platobná 
610 2 0 |a hospodárstvo podniku finančné 
610 2 0 |a prognózy 
610 2 0 |a modely 
610 2 0 |a analýza finančná 
100 1 |a Nagy, Ladislav